Focus on IELTS, (Record no. 8439)
[ view plain ]
| 000 -LEADER | |
|---|---|
| fixed length control field | 01301cac a22003495i 4500 |
| 003 - CONTROL NUMBER IDENTIFIER | |
| control field | EG-ScBUE |
| 005 - DATE AND TIME OF LATEST TRANSACTION | |
| control field | 20220609121550.0 |
| 008 - FIXED-LENGTH DATA ELEMENTS--GENERAL INFORMATION | |
| fixed length control field | 111010r20072002enk f 000 0 eng d |
| 020 ## - INTERNATIONAL STANDARD BOOK NUMBER | |
| International Standard Book Number | 0582447720 (Teacher's book) |
| 020 ## - INTERNATIONAL STANDARD BOOK NUMBER | |
| International Standard Book Number | 9780582447721 (Teacher's book) |
| 040 ## - CATALOGING SOURCE | |
| Original cataloging agency | EG-ScBUE |
| Language of cataloging | eng |
| Description conventions | rda |
| Modifying agency | EG-ScBUE |
| Transcribing agency | EG-ScBUE |
| 082 04 - DEWEY DECIMAL CLASSIFICATION NUMBER | |
| Classification number | 428.24076 |
| Item number | OCO |
| Edition number | 22 |
| 100 1# - MAIN ENTRY--PERSONAL NAME | |
| Personal name | O'Connell, Sue |
| Titles and other words associated with a name | (Author of the Pearson Focus series) |
| Relator term | author. |
| 9 (RLIN) | 27450 |
| 245 1# - TITLE STATEMENT | |
| Title | Focus on IELTS, |
| Name of part/section of a work | Teacher`s book / |
| Statement of responsibility, etc | Sue O`Connell. |
| 246 30 - VARYING FORM OF TITLE | |
| Title proper/short title | Teacher`s book |
| 250 ## - EDITION STATEMENT | |
| Edition statement | Sixth impression. |
| 264 #1 - PUBLICATION, DISTRIBUTION, ETC. (IMPRINT) | |
| Place of publication, distribution, etc | Harlow, England : |
| Name of publisher, distributor, etc | Longman : |
| -- | Pearson Educaion Limited, |
| Date of publication, distribution, etc | 2007. |
| 300 ## - PHYSICAL DESCRIPTION | |
| Extent | 80 pages : |
| Dimensions | 28 cm |
| 336 ## - CONTENT TYPE | |
| Content type term | text |
| Content type code | txt |
| Source | rdacontent |
| 337 ## - MEDIA TYPE | |
| Media type term | unmediated |
| Media type code | n |
| Source | rdamedia |
| 338 ## - CARRIER TYPE | |
| Carrier type term | volume |
| Carrier type code | nc |
| Source | rdacarrier |
| 500 ## - GENERAL NOTE | |
| General note | Originally published by 2002. |
| 590 ## - LOCAL NOTE (RLIN) | |
| Local note | Doha Ragab |
| 650 #7 - SUBJECT ADDED ENTRY--TOPICAL TERM | |
| Topical term or geographic name as entry element | International English Language Testing System. |
| Source of heading or term | BUEsh |
| 9 (RLIN) | 13550 |
| 650 #7 - SUBJECT ADDED ENTRY--TOPICAL TERM | |
| Topical term or geographic name as entry element | English language |
| Form subdivision | Textbooks for foreign speakers. |
| Source of heading or term | BUEsh |
| 650 #7 - SUBJECT ADDED ENTRY--TOPICAL TERM | |
| Topical term or geographic name as entry element | English language |
| Form subdivision | Study and teaching as a second language. |
| Source of heading or term | BUEsh |
| 650 #7 - SUBJECT ADDED ENTRY--TOPICAL TERM | |
| Topical term or geographic name as entry element | English language |
| General subdivision | Study and teaching |
| Form subdivision | Foreign speakers. |
| Source of heading or term | BUEsh |
| 651 ## - SUBJECT ADDED ENTRY--GEOGRAPHIC NAME | |
| Source of heading or term | BUEsh |
| 653 ## - INDEX TERM--UNCONTROLLED | |
| Resource For college | Humanities: English |
| Arrived date list | December2019 |
| 655 ## - INDEX TERM--GENRE/FORM | |
| Form subdivision | Reading book |
| 9 (RLIN) | 34232 |
| 942 ## - ADDED ENTRY ELEMENTS (KOHA) | |
| Koha item type | Book - Borrowing |
| Source of classification or shelving scheme | Dewey Decimal Classification |
| Withdrawn status | Lost status | Source of classification or shelving scheme | Damaged status | Not for loan | Collection code | Home library | Current library | Shelving location | Date acquired | Source of acquisition | Total Checkouts | Full call number | Barcode | Date last seen | Koha item type | Total Renewals | Date checked out | Price effective from |
|---|---|---|---|---|---|---|---|---|---|---|---|---|---|---|---|---|---|---|
| Dewey Decimal Classification | Baccah | Central Library | Central Library | Second Floor | 10/10/2011 | Purchase | 2 | 428.24076 OCO | 000010265 | 15/07/2025 | Book - Teacher Resource | |||||||
| Lost & Replaced | Dewey Decimal Classification | Baccah | Central Library | Central Library | Second Floor | 09/03/2008 | Purchase | 2 | 428.24076 OCO | 000010266 | 06/12/2009 | Book - Teacher Resource | 12 | 06/12/2009 | ||||
| Dewey Decimal Classification | Baccah | Central Library | Central Library | Second Floor | 09/03/2008 | Purchase | 2 | 428.24076 OCO | 000010267 | 15/07/2025 | Book - Teacher Resource | 3 | 04/12/2012 | |||||
| Dewey Decimal Classification | Baccah | Central Library | Central Library | Second Floor | 10/10/2011 | Purchase | 1 | 428.24076 OCO | 000014066 | 15/07/2025 | Book - Teacher Resource | 10 | 10/10/2011 | |||||
| Lost & Replaced | Dewey Decimal Classification | Baccah | Central Library | Central Library | Second Floor | 10/10/2011 | Purchase | 2 | 428.24076 OCO | 000008548 | 24/10/2016 | Book - Teacher Resource | 24/10/2016 | |||||
| Dewey Decimal Classification | Baccah | Central Library | Central Library | Second Floor | 10/10/2011 | Purchase | 428.24076 OCO | 000008549 | 15/07/2025 | Book - Teacher Resource | ||||||||
| Dewey Decimal Classification | Baccah | Central Library | Central Library | Second Floor | 10/10/2011 | Purchase | 1 | 428.24076 OCO | 000008550 | 15/07/2025 | Book - Teacher Resource | 5 | 10/10/2011 | |||||
| Dewey Decimal Classification | Baccah | Central Library | Central Library | Second Floor | 16/12/2019 | Purchase | 428.24076 OCO | 000048401 | 15/07/2025 | Book - Teacher Resource | 16/12/2019 | |||||||
| Dewey Decimal Classification | unknown | Central Library | Central Library | Second Floor | 03/03/2020 | Purchase | 428.24076 OCO | 000048849 | 15/07/2025 | Book - Teacher Resource | 03/03/2020 |